|
|
|
|
| LEADER |
06519nam a22004573i 4500 |
| 001 |
EBC6210997 |
| 003 |
MiAaPQ |
| 005 |
20231204023214.0 |
| 006 |
m o d | |
| 007 |
cr cnu|||||||| |
| 008 |
231204s2020 xx o ||||0 eng d |
| 020 |
|
|
|a 9783030486020
|q (electronic bk.)
|
| 020 |
|
|
|z 9783030486013
|
| 035 |
|
|
|a (MiAaPQ)EBC6210997
|
| 035 |
|
|
|a (Au-PeEL)EBL6210997
|
| 035 |
|
|
|a (OCoLC)1158219012
|
| 040 |
|
|
|a MiAaPQ
|b eng
|e rda
|e pn
|c MiAaPQ
|d MiAaPQ
|
| 050 |
|
4 |
|a TK7895.E42
|
| 100 |
1 |
|
|a Keil, Sophia.
|
| 245 |
1 |
0 |
|a Digital Transformation in Semiconductor Manufacturing :
|b Proceedings of the 1st and 2nd European Advances in Digital Transformation Conference, EADTC 2018, Zittau, Germany and EADTC 2019, Milan, Italy.
|
| 250 |
|
|
|a 1st ed.
|
| 264 |
|
1 |
|a Cham :
|b Springer International Publishing AG,
|c 2020.
|
| 264 |
|
4 |
|c Ã2020.
|
| 300 |
|
|
|a 1 online resource (150 pages)
|
| 336 |
|
|
|a text
|b txt
|2 rdacontent
|
| 337 |
|
|
|a computer
|b c
|2 rdamedia
|
| 338 |
|
|
|a online resource
|b cr
|2 rdacarrier
|
| 490 |
1 |
|
|a Lecture Notes in Electrical Engineering Series ;
|v v.670
|
| 505 |
0 |
|
|a Intro -- Preface -- Contents -- Semiconductor Supply Chain Management -- A Holistic Digital Twin Based on Semantic Web Technologies to Accelerate Digitalization -- Abstract -- 1 Context and Motivation -- 2 The Semantic Web -- 3 Related Work -- 4 Approach -- 5 Preliminary Results -- 6 Reflections -- References -- Framework for Simulation-Based Decision Making in Semiconductor Value Chains -- Abstract -- 1 Motivation -- 2 Description -- 2.1 Initial Situation and Framework Notion -- 2.2 Overall Approach -- 3 Results -- 3.1 Towards a Framework for Simulation-Based Decision-Making -- 3.2 Examples from Production Planning -- 4 Discussion/Implications -- References -- Digital Twin for Plan and Make Using Semantic Web Technologies - Extending the JESSI/SEMATECH MIMAC Standard to the Digital Reference -- Abstract -- 1 Motivation -- 2 Background -- 3 Approach Description -- 4 Preliminary Results -- 5 Outlook -- References -- Semiconductor Operations -- Enhancing Prediction Quality of Fab Simulation by Advanced Cycle Time Modelling -- Abstract -- 1 Motivation -- 2 State of the Art -- 3 Approaches for Enhancing the Accuracy of Transport Times Consideration in Fab Simulation -- 4 Extracting Transport Times from Historical Data -- 5 First Findings -- 6 Results -- 7 Discussion/Implications -- References -- Visualization of Automated Material Handling System Components in Semiconductor Industry over the Lifecycle -- Abstract -- 1 Motivation -- 2 Related Work -- 2.1 Data Visualization and Visual Analytics -- 2.2 AMHS Visualization -- 2.3 Visualization Software Tools -- 3 Description of the Software Demonstrator "AMHSviz" -- 4 Discussion/Implications -- References -- A System Dynamics Approach for Modeling Return on Quality for ECS Industry -- Abstract -- 1 Introduction -- 2 Theoretical Foundations -- 3 Modelling Approach -- 4 Conclusion and Future Outlook.
|
| 505 |
8 |
|
|a References -- Automation of Cross-Factory Decision-Making Within Administrative Processes to Enhance Data Quality for Production -- Abstract -- 1 Motivation -- 2 Description -- 3 Results -- 4 Discussion and Implications -- Acknowledgments -- References -- Human Factors in Semiconductor Manufacturing -- Digitizing Human Work Places in Manufacturing Through Augmented and Mixed Reality -- Abstract -- 1 Introduction and Motivation -- 2 A Brief Review of the Literature -- 2.1 Augmented, Mixed and Virtual Reality -- 2.2 A Review of AR/MR in Industrial Use Cases -- 3 An Implementation of Augmented and Mixed Reality in Two Production-Related Scenarios -- 3.1 Maintaining a Production Machine with AR -- 3.2 Automated Assembly Manual with AR -- 4 Conclusion, Discussion and Outlook -- Acknowledgments -- References -- Competency Requirements at Digitalized Workplaces in the Semiconductor Industry -- Abstract -- 1 Introduction -- 2 Methodology -- 3 Results -- 3.1 Characteristics of Digitalized Workplaces in the Semiconductor Industry -- 3.2 Required Competencies in Digitalized Working Environments -- 3.3 Measuring Digital Competency Gaps and Deriving Actions to Close Them -- 4 Discussion and Implications of the Findings -- Acknowledgement -- Appendix A -- References -- Training the Human-in-the-Loop in Industrial Cyber Ranges -- Abstract -- 1 Introduction -- 2 Related Work -- 2.1 Physical Environments: Learning Factories -- 2.2 Virtual Environments: ICS Testbeds and Cyber Ranges -- 2.3 The Human-in-the-Loop Concept -- 3 Cyber Ranges for Smart Manufacturing -- 4 The Human-in-the-Loop in Cyber Ranges -- 5 Application Scenario -- 5.1 Background -- 5.2 Setup -- 5.3 Script -- 5.4 Implementation in the Cyber Range -- 6 Discussion and Conclusions -- References -- Smart Software and Hardware Solutions for Semiconductor Manufacturing.
|
| 505 |
8 |
|
|a A Novel Software Architecture for Mixed Criticality Systems -- Abstract -- 1 Introduction -- 2 Architecture -- 3 Jailhouse Multicopter Platform -- 4 Requirements on Partitioning Hardware -- 4.1 Memory-Mapped I/O -- 4.2 Indivisible Hardware Resources -- 4.3 Erroneous Hardware Behaviour -- 5 Conclusion -- References -- Smart Platform for Rapid Prototyping: A First Solution Approach to Improve Time-to-Market and Process Control in Low-Volume Device Fabrication -- Abstract -- 1 Motivation -- 2 New Concepts for Manufacturing Control and Fast Process Transfer -- 3 Results -- 3.1 Smart Experiments -- 3.2 Smart Logistics and Flexible Manufacturing Control for Rapid Prototyping -- 4 Summary -- References -- PCMC DC-DC Converter Development Methodology by Means of dSPACE -- Abstract -- 1 Motivation -- 2 Methodology Description -- 3 Results -- 4 Discussion/Implications -- References -- Author Index.
|
| 588 |
|
|
|a Description based on publisher supplied metadata and other sources.
|
| 590 |
|
|
|a Electronic reproduction. Ann Arbor, Michigan : ProQuest Ebook Central, 2023. Available via World Wide Web. Access may be limited to ProQuest Ebook Central affiliated libraries.
|
| 655 |
|
4 |
|a Electronic books.
|
| 700 |
1 |
|
|a Lasch, Rainer.
|
| 700 |
1 |
|
|a Lindner, Fabian.
|
| 700 |
1 |
|
|a Lohmer, Jacob.
|
| 776 |
0 |
8 |
|i Print version:
|a Keil, Sophia
|t Digital Transformation in Semiconductor Manufacturing
|d Cham : Springer International Publishing AG,c2020
|z 9783030486013
|
| 797 |
2 |
|
|a ProQuest (Firm)
|
| 830 |
|
0 |
|a Lecture Notes in Electrical Engineering Series
|
| 856 |
4 |
0 |
|u https://ebookcentral.proquest.com/lib/matrademy/detail.action?docID=6210997
|z Click to View
|